000
00323nam a22001217a 4500
999
_c
534316
_d
534316
040
_c
MSOHAIL
082
_a
891.4393
100
_a
Tahir Mansoor Siddqui - طاہرمنصور صدیقی
_9
28461
245
_a
Cleopatra - قلوپطرہ
260
_a
Lahore
_b
Al-Hamd Publications
_c
N.D.
300
_a
270;p
942
_2
ddc
_c
BK